000 00830nam a2200277Ia 4500
003 OSt
005 20220925203355.0
006 a|||||r|||| 00| 0
007 ta
008 220923b |||||||| |||| 00| 0 eng d
020 _a0822365863
037 _cGeneral Book
040 _aRTL
_cRTL
_beng
041 _2eng
_aeng
082 _aAxK42:g, P3
100 _aSchabas Margaret
_9265737
245 0 _aEconomies in the age of Newton
260 _aDurham
_bDuke University Press
_c2003
300 _avii, 414p.
_ccm.
490 _aHistory of Political Economy: Annual Supplement Volume. 35
500 _aBibliography Chapterwise
650 _aSociology
700 _a Marchi Neil De Ed.
_9265738
942 _hAxK42:g, P3
_cGB
_2CC
999 _c546135
_d546135